00551cam a22001217a 4500008004000000082001600040245016300056260005000219300001000269700004400279999001900323952008700342180718b1958 xxu||||| |||| 00| 0 eng d aY15x54 In2f aReport of working group of the government of India and the food and agriculture organization of the United Nationscby Ministry of Food and Agriculture, India aDelhibMinistry of Food and Agriculturec1958 a92+p. aIndia. Ministry of Food and Agriculture c426051d426051 00104070aIIPAbIIPAd2009-10-20oY15x54 In2fp22741r2018-07-21w2018-07-21yBK